| 000 | 00417nam a2200157Ia 4500 | ||
|---|---|---|---|
| 003 | LK-CoDNM | ||
| 008 | 010623t1949 xxu||||| |||| 00| 1 eng d | ||
| 040 |
_aLK-CoDNM _dLK-CoDNM _eLK-CoDNM |
||
| 041 | _aeng | ||
| 080 | _a14 F 5 | ||
| 100 | _aNadaraja,T. | ||
| 245 | _aThe Roman-Dutch Law of Fideicommissa | ||
| 260 |
_bAssociated Newspapers of Ceylon _aColombo _c1949 |
||
| 300 | _bxliii,376p., 21 cm | ||
| 942 | _cBK | ||
| 999 |
_c101548 _d101548 |
||